000 00355nam a22001457a 4500
008 211020b ||||| |||| 00| 0 eng d
020 _a9780125902441
041 _aeng
080 _a159.9
082 _a159.9
100 _a48
101 _aPSI
245 _aMeasures of Personality and Social Psychological Attitudes
_cRobinson,J.P
942 _2udc
_cBK
999 _c58294
_d58294